• 首页
  • 本馆介绍
  • 公告通知
  • 最新文献
  • 馆藏检索
  • 电子资源
  • 读者导购
  • 参考咨询
  • 我的图书馆
  • 登录
  • 详细信息显示
  • 放入我的书架
  • 预约/预借图书
  • 作者相关作品
  • 分类相关作品
  • 丛书相关作品
  • 出版社相关作品

书目信息

  • 表格格式
  • 工作单格式
  • 卡片格式
题名:
城乡统筹背景下的产业互动研究
    
 
作者: 杨柳 著
分册:  
出版信息: 北京   人民出版社  2013
页数: 240页
开本: 24cm
丛书名:
单 册:
中图分类: F269.23
科图分类:
主题词: 产业经济学--研究--中国 , 产业经济学
电子资源:
ISBN: 978-7-01-013024-8
000 00997nam0 2200241 450
001 523
005 20140908165254.48
010    @a978-7-01-013024-8@dCNY50.00
100    @a20140319d2013 em y0chiy50 ea
101 0  @achi
102    @aCN@b110000
105    @aa z 000yy
106    @ar
200 1  @a城乡统筹背景下的产业互动研究@ACheng Xiang Tong Chou Bei Jing Xia De Chan Ye Hu Dong Yan Jiu@f杨柳著@FYang Liu Zhu
210    @a北京@c人民出版社@d2013
215    @a240页@c彩图@d24cm
330    @a本书分别选取了平原地区、山区、丘陵地区的试点区域进行问卷调查,通过赋予指标权重、产业互动评分等,构建产业互动评价指标体系;进而,根据相关资料对我国西部地区城乡统筹发展与产业互动的现状从山区、平原、丘陵三个方面进行分析,并基于不同区域的具体情况,找出其城乡统筹发展与产业互动存在的问题及解决办法。
606 0  @a产业经济学@x研究@y中国
606 0  @a产业经济学
690    @aF269.23@v5
701  0 @a杨柳@AYang Liu@f(1965~)@4著
801  0 @aCN@bTANGWEI@c20140603
905    @b0840866-68@dF269.23@e216@f3
    
    城乡统筹背景下的产业互动研究/杨柳著.-北京:人民出版社,2013
    240页:彩图;24cm
    
    
    ISBN 978-7-01-013024-8:CNY50.00
    本书分别选取了平原地区、山区、丘陵地区的试点区域进行问卷调查,通过赋予指标权重、产业互动评分等,构建产业互动评价指标体系;进而,根据相关资料对我国西部地区城乡统筹发展与产业互动的现状从山区、平原、丘陵三个方面进行分析,并基于不同区域的具体情况,找出其城乡统筹发展与产业互动存在的问题及解决办法。
●
相关链接 在E读中查询图书 在五车中查询图书 在当当中查询图书 在豆瓣中查询图书


正题名:城乡统筹背景下的产业互动研究     索取号:F269.23/216         预约/预借

序号 登录号 条形码 馆藏地/架位号 状态 备注
1 0840866   208408668   第一样本阅览室/ [索取号:F269.23/216] 在馆    
2 0840867   208408677   密集书库-海洋学院/ [索取号:F269.23/216] 在馆    
3 0840868   208408686   第一借阅区/ [索取号:F269.23/216] 在馆    
唐山师范学院图书馆 欢迎您!
大连网信软件有限公司© 版权所有